Peter Benkovič: "Od povedaného k urobenému je veľmi ďaleko"

S Petrom Benkovičom, partnerom spoločnosti Maxman Consultants, s. r. o., v rozhovore o budúcnosti koučingu pre manažérov a podnikateľov. Najefektívnejší spôsob ako rozvíjať manažéra.

Guardado en:
Detalles Bibliográficos
Autor principal: Bleyová, Dagmar
Formato: Capítulo de libro
Lenguaje:eslovaco
Materias:
Etiquetas: Agregar Etiqueta
Sin Etiquetas, Sea el primero en etiquetar este registro!

MARC

LEADER 00000naa a2200000 4500
001 0145971
005 20230912101140.7
041 0 |a slo 
044 |a SK 
245 1 0 |a Peter Benkovič: "Od povedaného k urobenému je veľmi ďaleko"  |c Dagmar Bleyová 
520 |a S Petrom Benkovičom, partnerom spoločnosti Maxman Consultants, s. r. o., v rozhovore o budúcnosti koučingu pre manažérov a podnikateľov. Najefektívnejší spôsob ako rozvíjať manažéra. 
610 2 0 |a manažéri 
610 2 0 |a lídri 
610 2 0 |a koučovanie 
610 2 0 |a štýl vedenia 
610 2 0 |a formy riadenia 
610 2 0 |a technika riadenia 
610 2 0 |a vedenie ľudí 
610 2 0 |a vodcovstvo 
610 2 0 |a učiaca sa organizácia 
100 1 |a Bleyová, Dagmar